Ranking der größten Sparkassen in Deutschland nach der Bilanzsumme - Statistiken

Allgemein
  • Dieses Quiz wurde 121 mal gespielt
  • Das Durchschnittsergebnis liegt bei 12 aus 20
Antwortstatistiken
Platz (Bilanzsumme in Mio. €) Sparkasse % Korrekt
1. (55.403 €) Hamburger Sparkasse
97%
4. (22.259 €) Sparkasse München
95%
14. (12.836 €) Kreissparkasse München Starnberg Ebersberg
94%
3. (27.984 €) Sparkasse KölnBonn
94%
5. (21.241 €) Frankfurter Sparkasse
93%
2. (28.815 €) Kreissparkasse Köln
92%
20. (11.135 €) Stadtsparkasse Dortmund
85%
12. (13.584 €) Stadtsparkasse Düsseldorf
84%
10. (13.842 €) Ostsächsische Sparkasse Dresden
83%
13. (13.386 €) Die Sparkasse Bremen AG
79%
15. (12.614 €) Sparkasse Nürnberg
74%
6. (18.643 €) Sparkasse Hannover
71%
11. (13.591 €) Sparkasse Aachen
46%
7. (15.668 €) Mittelbrandenburgische Sparkasse in Potsdam
42%
18. (11.533 €) Sparkasse Münsterland Ost
42%
17. (11.779 €) Landessparkasse zu Oldenburg
21%
19. (11.382 €) Kreisparkasse Heilbronn
8%
9. (14.391 €) Nassauische Sparkasse
8%
8. (15.636 €) Sparkasse Pforzheim Calw
5%
16. (11.816 €) Kreissparkasse Ludwigsburg
4%
Keine übereinstimmenden Quizze gefunden
Verteilung der Resultate
Anzahl Personen mit jedem Resultat
Perzentil nach korrekt beantworteten Fragen
Ihre Resultats-Entwicklung
Sie haben dieses Quiz noch nicht gespielt